La Liga ewige Tabelle - Statistiken

Allgemein
  • Dieses Quiz wurde 250 mal gespielt
  • Das Durchschnittsergebnis liegt bei 23 aus 61
Antwortstatistiken
Punkte Team Spiele Ligazugehörigkeit Spielzeiten % Korrekt
5717 FC Barcelona 2952 1. Liga 1928-
100%
5894 Real Madrid 2952 1. Liga 1928-
100%
4703 Atletico Madrid 2804 1. Liga 1928–1930, 1934–2000, 2002–
95%
3835 FC Sevilla 2598 1. Liga 1934–1968, 1969–1972, 1975–1997, 1999/2000, 2001–
95%
4455 FC Valencia 2854 1. Liga 1931–1986, 1987–
86%
4508 Atletic Bilbao 2952 1. Liga 1928-
84%
2532 Betis Sevilla 1918 1. Liga 1932–1940, 1942/43, 1958–1966, 1967/68, 1971–1973, 1974–1978, 1979–1989, 1990/91, 1994–2000, 2001–2009, 2011–2014, 2015–
78%
1327 RCD Mallorca 1064 1. Liga 1960–1963, 1965/66, 1969/70, 1983/84, 1986–1988, 1989–1992, 1997–2013, 2019/20, 2021–
78%
3621 Espanyol Barcelona 2778 2. Liga 1928–1962, 1963–1969, 1970–1989, 1990–1993, 1994–2020, 2021–2023
75%
1252 FC Villareal 836 1. Liga 1998/99, 2000–2012, 2013–
75%
2110 Deportivo La Coruna 1568 3. Liga 1941–1945, 1946/47, 1948–1957, 1962/63, 1964/65, 1966/67, 1968–1970, 1971–1973, 1991–2011, 2012/13, 2014–2018
70%
1517 FC Malaga 1294 3. Liga 1949–1951, 1952/53, 1954/55, 1962/63, 1965/66, 1967–1969, 1970–1975, 1976/77, 1979/80, 1982–1985, 1988–1990, 1999–2006, 2008–2018
70%
3448 Real Sociedad 2492 1. Liga 1928–1935, 1941/42, 1943/44, 1947/48, 1949–1962, 1967–2007, 2010–
70%
798 FC Getafe 646 1. Liga 2004–2016, 2017–
65%
88 FC Girona 76 1. Liga 2017–2019, 2022–
61%
1365 UD Las Palmas 1134 1. Liga 1951/52, 1954–1960, 1964–1983, 1985–1988, 2000–2002, 2015–2019, 2023-
59%
1887 Real Valladolid 1580 2. Liga 1948–1958, 1959–1961, 1962–1964, 1980–1992, 1993–2004, 2007–2010, 2012–2014, 2018–2021, 2022/23
55%
2616 Real Saragossa 1986 2. Liga 1939–1941, 1942/43, 1951–1953, 1956–1971, 1972–1977, 1978–2002, 2003–2008, 2009–2013
54%
1744 CA Osasuna 1430 1. Liga 1935/36, 1953/54, 1956–1960, 1961–1963, 1980–1994, 2000–2014, 2016/17, 2019–
53%
2373 Celta Vigo 1888 1. Liga 1939–1944, 1945–1959, 1969–1975, 1976/77, 1978/79, 1982/83, 1985/86, 1987–1990, 1992–2004, 2005–2007, 2012–
53%
867 FC Elche 754 2. Liga 1959–1971, 1973–1978, 1984/85, 1988/89, 2013–2015, 2020–2023
49%
969 FC Granada 856 1. Liga 1941–1945, 1957–1961, 1966/67, 1968–1976, 2011–2017, 2019–2022, 2023-
49%
520 FC Cadiz 522 1. Liga 1977/78, 1981/82, 1983/84, 1985–1993, 2005/06, 2020–
48%
649 UD Levante 592 2. Liga 1963–1965, 2004/05, 2006–2008, 2010–2016, 2017–2022
47%
661 Alaves 570 2. Liga 1930–1933, 1954–1956, 1998–2003, 2005/06, 2016–2022
46%
789 Rayo Vallecano 718 1. Liga 1977–1980, 1989/90, 1992–1994, 1995–1997, 1999–2003, 2011–2016, 2018/19, 2021–
44%
66 AD Almeria 68 Aufgelöst 1982 1979–1981
42%
242 UD Almeria 228 1. Liga 2007–2011, 2013–2015, 2022–
42%
593 CD Teneriffa 494 2. Liga 1961/62, 1989–1999, 2001/02, 2009/10
40%
1771 Sporting Gijon 1458 2. Liga 1944–1948, 1951–1954, 1957–1959, 1970–1976, 1977–1998, 2008–2012, 2015–2017
39%
302 SD Eibar 266 2. Liga 2014–2021
34%
159 CD Leganes 152 2. Liga 2016–2020
33%
1516 Real Oviedo 1192 2. Liga 1933–1936, 1940–1950, 1952–1954, 1958–1965, 1972–1974, 1975/76, 1988–2001
33%
1693 Racing Santander 1426 2. Liga 1928–1940, 1950–1955, 1960–1962, 1973/74, 1975–1979, 1981–1983, 1984–1987, 1993–2001, 2002–2012
32%
309 FC Cordoba 282 3. Liga 1962–1969, 1971/72, 2014/15
29%
67 SD Huesca 76 2. Liga 2018/19, 2020/21
28%
304 Albacete 270 2. Liga 1991–1996, 2003–2005
24%
349 Burgus CF 318 2. Liga 1971–1973, 1976–1980, 1990–1993
23%
701 Hercules 628 4. Liga 1935–1942, 1945/46, 1954–1956, 1966/67, 1974–1982, 1984–1986, 1996/97, 2010/11
17%
472 UD Salamanca 424 Aufgelöst 2013 1974–1981, 1982–1984, 1995/96, 1997–1999
16%
578 Real Murcia 586 3. Liga 1940/41, 1944–1947, 1950/51, 1955/56, 1963–1965, 1973–1975, 1980/81, 1983–1985, 1986–1989, 2003/04, 2007/08
13%
196 Recreativo Huelva 186 4. Liga 1978/79, 2002/03, 2006–2009
11%
388 CD Castellon 334 3. Liga 1941–1947, 1972–1974, 1981/82, 1989–1991
10%
148 CD Numancia 152 4. Liga 1999–2001, 2004/05, 2008/09
10%
380 CD Logrones 346 Aufgelöst 2009 1987–1995, 1996/97
9%
83 FC Extremadura 80 Aufgelöst 2022 1996/97, 1998/99
9%
482 CE Sabadell 426 3. Liga 1943–1945, 1946–1949, 1965–1972, 1986–1988
8%
34 Deportivo Xerez 38 5. Liga 2009/10
8%
201 SD Compostela 160 4. Liga 1994–1998
8%
118 Gimnastic 116 3. Liga 1947–1950, 2006/07
7%
81 UD Merida 80 Aufgelöst 2013 1995/96, 1997/98
7%
100 Real Jaen 90 5. Liga 1953/54, 1956–1958
6%
53 UE Lleida 68 Aufgelöst 2011 1950/51, 1993/94
5%
19 Cultural Leonesa 30 3. Liga 1955/56
4%
203 FC Pontevedra 180 4. Liga 1963/64, 1965–1970
3%
150 Arenas Club 130 4. Liga 1928–1935
2%
26 Atletico Tetuan 30 Aufgelöst 1956 1951/52
2%
106 CD Alcoyano 108 3. Liga 1945/46, 1947–1949, 1950/51
2%
29 CD Condal 30 Aufgelöst 1970 1952/53
2%
77 Real Union 72 3. Liga 1928–1932
2%
60 CE Europa 54 6. Liga 1928–1931
1%
Keine übereinstimmenden Quizze gefunden
Verteilung der Resultate
Anzahl Personen mit jedem Resultat
Perzentil nach korrekt beantworteten Fragen
Ihre Resultats-Entwicklung
Sie haben dieses Quiz noch nicht gespielt